00309nam a2200109Ia 4500008004100000082001700041100002400058245003200082260006000114300000900174650001600183191201s2005 xx 000 0 und d a629.831bANC aANANDA NATARAJAN, R 0aControl Systems Engineering aN.DelhibScitech Publication Chennai and Hadrabadc2005 a7.86 aB.Tech(CSE)